Correspondencia: crítica literaria, apuntes íntimos, artículos y divagaciones
Gardado en:
| Autor Principal: | |
|---|---|
| Formato: | Libro |
| Idioma: | Lingua castelá |
| Publicado: |
Santiago
Universitaria
1946
|
| Subjects: | |
| Tags: |
Engadir etiqueta
Sen Etiquetas, Sexa o primeiro en etiquetar este rexistro!
|
MARC
| LEADER | 00000nam a2200000 a 4500 | ||
|---|---|---|---|
| 001 | UCZ6408 | ||
| 003 | CL-VaPUC | ||
| 008 | 951211e19460000CL |||||||||||||||||spa|d | ||
| 082 | 0 | 4 | |a Ch866 |b VIC |2 21 |
| 100 | 0 | |a Vicuña Luco, Osvaldo |e author |9 350674 | |
| 245 | 1 | 0 | |a Correspondencia: crítica literaria, apuntes íntimos, artículos y divagaciones |
| 300 | |a 392 p | ||
| 942 | |c BK | ||
| 945 | |d 19951211 00:00:00 |a rleighto | ||
| 260 | |a Santiago |b Universitaria |c 1946 | ||
| 650 | 7 | |a CORRESPONDENCIAS |2 CL-VaPUC |9 256500 | |
| 650 | 7 | |a CRITIACA LITERARIA |2 CL-VaPUC |9 350675 | |
| 583 | |a last modification |c 19951211 00:00:00 |k Rodrigo Vera | ||
| 999 | |c 242612 |d 242610 | ||
| 952 | |0 0 |1 0 |4 0 |6 CH_866_000000000000000_VIC_1946 |7 0 |8 A |9 255673 |a BIBEDU |b BIBEDU |d 2019-11-19 |i 3160572 |o Ch866 VIC 1946 |p 3160572 |r 2019-11-19 |w 2019-11-19 |y BK |k LIT | ||